000 00508nam a22001697a 4500
999 _c8960
_d8960
008 210306b ||||| |||| 00| 0 eng d
040 _aBMS College of Architecture
100 _aMoses, Sharan
245 _aCity centre Bangalore
300 _a127p.
500 _a1BM08AT046
502 _8B.Arch
_NBMS College of Architecture, Visvesvaraya Technological University (VTU)
_aProject report
_d2013
650 _aBangalore
700 _aVaseem A S
_eGuide
700 _aSathish S Rao
_eGuide
942 _2ddc
_cTHE